Генерал Иван Александрович Чернышев; Томский политехник; Вып. 11

Dades bibliogràfiques
Parent link:Томский политехник: ежегодный журнал/ Томский политехнический университет (ТПУ), Ассоциация выпускников.— , 1995-
Вып. 11.— 2005.— [С. 72-75]
Autor principal: Бобина Г. Г.
Sumari:Заглавие с титульного листа
Электронная версия печатной публикации
Idioma:rus
anglès
Publicat: 2005
Col·lecció:60-летию Великой Победы посвящается
Matèries:
Accés en línia:Цветная версия без потери качества
Format: MixedMaterials Electrònic Capítol de llibre
KOHA link:https://koha.lib.tpu.ru/cgi-bin/koha/opac-detail.pl?biblionumber=198868

MARC

LEADER 00000nla2a2200000 4500
001 198868
005 20231101224838.0
035 |a (RuTPU)RU\TPU\book\216881 
035 |a RU\TPU\book\216880 
090 |a 198868 
100 |a 20110712d2005 km y0rusy50 ca 
101 0 |a rus  |a eng 
102 |a RU 
135 |a drnn ---uucaa 
181 0 |a i  
182 0 |a b 
200 1 |a Генерал Иван Александрович Чернышев  |b Электронный ресурс  |d General Ivan Alexandrovich Chernishev  |f Г. Г. Бобина 
203 |a Текст  |c электронный 
215 |a 1 файл (3.9 Мб) 
225 1 |a 60-летию Великой Победы посвящается 
230 |a Электронные текстовые данные (1 файл : 3.9 Мб) 
300 |a Заглавие с титульного листа 
300 |a Электронная версия печатной публикации 
337 |a Adobe Reader 
461 1 |0 (RuTPU)RU\TPU\book\202435  |t Томский политехник  |o ежегодный журнал  |f Томский политехнический университет (ТПУ), Ассоциация выпускников  |d 1995- 
463 1 |0 (RuTPU)RU\TPU\book\216853  |t Вып. 11  |v [С. 72-75]  |d 2005  |p 83 с. 
510 1 |a General Ivan Alexandrovich Chernishev  |z eng 
600 1 |a Чернышев  |b И. А.  |c генерал  |c участник Великой Отечественной войны  |f 1910-1981  |g Иван Александрович  |2 stltpush  |3 (RuTPU)RU\TPU\pers\28595  |9 13414 
610 1 |a Великая Отечественная война 1941-1945 
610 1 |a участники 
610 1 |a биографии 
610 1 |a электронный ресурс 
700 1 |a Бобина  |b Г. Г. 
801 1 |a RU  |b 63413507  |c 20101101 
801 2 |a RU  |b 63413507  |c 20111116  |g RCR 
856 4 |u http://www.lib.tpu.ru/fulltext/v/Tomsk_polytechnic/2005/N11a14.pdf  |z Цветная версия без потери качества 
942 |c CF